| 000 | 00506nam a2200181 4500 | ||
|---|---|---|---|
| 001 | 120782 | ||
| 003 | ES-MaACL | ||
| 007 | t| | ||
| 008 | 070214s1975 sp r ||||1| spa d | ||
| 100 | 1 |
_aPolitzer, Georges. _992835 |
|
| 245 | 1 | 0 |
_aPrincipios elementales y fundamentales de filosofĂa / _cGeorges Politzer. |
| 260 |
_aMadrid : _bAkal, _c1975. |
||
| 300 |
_a336 p. ; _c18 cm. |
||
| 490 | 1 |
_aAkal ; _v74 |
|
| 830 | 0 |
_aAkal ; _v74 _9180805 |
|
| 852 |
_aES-MaACL _jE-8470 _bR.92397 |
||
| 999 |
_c120782 _d120782 |
||